000 01217nam a22003137a 4500
001 1423
003 CO-MdFUSB
005 20180622072711.0
008 170302b ck ||||| |||| 00| 0 spa d
020 _a958-665-058-8
040 _aCO-MdFUSB
_bspa
_cCO-MdFUSB
_dCO-MdFUSBC
_erda
041 0 _aspa
082 0 4 _aG 200.1 D963p
245 1 0 _aProblemas de la filosofía de la religión desde América Latina.
_b: De la experiencia a la reflexión
_c/ Vicente Durán Casas, Juan Carlos Scannone, Eduardo Silva, Compiladores
264 _aBogotá, Colombia :
_bSiglo del Hombre,
_c2003
300 _a349 Pag.
_b:
_c;
336 _2rdacontent
_atexto
_btxt
337 _2rdamedia
_asin mediación
_bn
338 _2rdacarrier
_avolumen
_bnc
505 0 0 _asituación de la religión hoy en América Latina -- de la fenomenología de la religión a la filosofía de la religión -- filosofía de la religión y experiencia de Dios
650 7 _aReligión
_9385
653 _aFILOSOFIA DE LA RELIGION
653 _a AMERICA LATINA
653 _aFENOMENOLOGÍA
720 _a Durán Casas,Vicente
_eCompilador
720 _a Scannone, Juan Carlos
_eCompilador
720 _a Silva,Eduardo
_eCompilador
942 _cBK
999 _c32746
_d32746